1744 1101 1849 1162 1521 1396 1125 1742 1913 1024 1278 1829 1311 1470 1502 1704 1221 1627 1146 1001 1813 1740 1253 1437 1491 1158 1149 1747 1574 1051 1393 1322 1559 1684 1738 1372 1083 1490 1593 1503 1388 1854 1649 1999 1817 1299 1805 1825 1570 1068 1193 1860 1552 1614 1276 1229 1779 1201 1683 1651 1250 1710 1571 1418 1042 1450 1928 1513 1659 1625 1244 1599 1937 1450 1001 1119 1050 1305 1363 1764 1210 1641 1523 1616 1280 1117 1094 1547 1518 1650 1098 1770 1598 1771 1799 1366 1748 1145 1160 BCNSPRNW ULIB Ver.6.0+V

เปลี่ยนเป็นภาษาไทย

Change to English
 แสดงรายละเอียดบรรณานุกรม
  กลับหน้าหลัก

Brief Record : Get Marc (ISO 2709) : E-mail record : QR code < ปิดหน้าต่าง
LEADER : 00000nam 2200000uu 4500
001    13399125335
003     ULIB
008    170426s2558||||th 000 0 tha d
020    ^a9786163948236
060    ^aWY101 ส825ก
100    ^aสุปาณี เสนาดิสัย และวรรณภา ประไพพานิช
245    ^aการพยาบาลพื้นฐาน
250    ^aพิมพ์ครั้งที่ 13
260    ^aกรุงเทพฯ :^bโรงเรียนพยาบาลรามาธิบดี,^c2558
300    ^a819 หน้า^bภาพประกอบ, ตาราง
650    ^aการพยาบาล
945    ^p0^l0^i002010
945    ^p0^l0^i002011
945    ^p0^l0^i002012
945    ^p0^l0^i002013
945    ^p0^l0^i002014
945    ^p0^l0^i002015
945    ^p0^l0^i002016
945    ^p0^l0^i002017
945    ^p0^l0^i002018
945    ^p0^l0^i002019
999    ^aวรรณษา ชูชัยมงคล
รายการนี้ยังไม่มีแท็ก
คุณยังไม่ได้ล็อกอิน คุณสามารถมีกิจกรรมร่วมกับเว็บไซต์ได้ แต่ต้องล็อกอินก่อน ::
  ล็อกอิน

รายการสื่อสารสนเทศ

ลำดับที่ ประเภท เลขเรียก/บาร์โค้ด สถานที่ สถานะ
1. วิทยาศาสตร์การแพทย์ และสุขภาพ
วิทยาศาสตร์การแพทย์ และสุขภาพ
สถานะ=หนังสือเก่า
WY101 ส825ก ฉ.1 
  Barcode: 002010
ห้องสมุดวิทยาเขตสวรรค์ประชารักษ์
►ส่วนจัดเก็บหนังสือเก่า สปร
บนชั้น
  ขอยืม
2. วิทยาศาสตร์การแพทย์ และสุขภาพ
วิทยาศาสตร์การแพทย์ และสุขภาพ
สถานะ=หนังสือเก่า
WY101 ส825ก ฉ.10 
  Barcode: 002019
ห้องสมุดวิทยาเขตสวรรค์ประชารักษ์
►ส่วนจัดเก็บหนังสือเก่า สปร
บนชั้น
  ขอยืม
3. วิทยาศาสตร์การแพทย์ และสุขภาพ
วิทยาศาสตร์การแพทย์ และสุขภาพ
สถานะ=หนังสือเก่า
WY101 ส825ก ฉ.2 
  Barcode: 002011
ห้องสมุดวิทยาเขตสวรรค์ประชารักษ์
►ส่วนจัดเก็บหนังสือเก่า สปร
บนชั้น
  ขอยืม
4. วิทยาศาสตร์การแพทย์ และสุขภาพ
วิทยาศาสตร์การแพทย์ และสุขภาพ
สถานะ=หนังสือเก่า
WY101 ส825ก ฉ.3 
  Barcode: 002012
ห้องสมุดวิทยาเขตสวรรค์ประชารักษ์
►ส่วนจัดเก็บหนังสือเก่า สปร
บนชั้น
  ขอยืม
5. วิทยาศาสตร์การแพทย์ และสุขภาพ
วิทยาศาสตร์การแพทย์ และสุขภาพ
สถานะ=หนังสือเก่า
WY101 ส825ก ฉ.4 
  Barcode: 002013
ห้องสมุดวิทยาเขตสวรรค์ประชารักษ์
►ส่วนจัดเก็บหนังสือเก่า สปร
บนชั้น
  ขอยืม
6. วิทยาศาสตร์การแพทย์ และสุขภาพ
วิทยาศาสตร์การแพทย์ และสุขภาพ
สถานะ=หนังสือเก่า
WY101 ส825ก ฉ.5 
  Barcode: 002014
ห้องสมุดวิทยาเขตสวรรค์ประชารักษ์
►ส่วนจัดเก็บหนังสือเก่า สปร
บนชั้น
  ขอยืม
7. วิทยาศาสตร์การแพทย์ และสุขภาพ
วิทยาศาสตร์การแพทย์ และสุขภาพ
สถานะ=หนังสือเก่า
WY101 ส825ก ฉ.6 
  Barcode: 002015
ห้องสมุดวิทยาเขตสวรรค์ประชารักษ์
►ส่วนจัดเก็บหนังสือเก่า สปร
บนชั้น
  ขอยืม
8. วิทยาศาสตร์การแพทย์ และสุขภาพ
วิทยาศาสตร์การแพทย์ และสุขภาพ
สถานะ=หนังสือเก่า
WY101 ส825ก ฉ.7 
  Barcode: 002016
ห้องสมุดวิทยาเขตสวรรค์ประชารักษ์
►ส่วนจัดเก็บหนังสือเก่า สปร
บนชั้น
  ขอยืม
9. วิทยาศาสตร์การแพทย์ และสุขภาพ
วิทยาศาสตร์การแพทย์ และสุขภาพ
สถานะ=หนังสือเก่า
WY101 ส825ก ฉ.8 
  Barcode: 002017
ห้องสมุดวิทยาเขตสวรรค์ประชารักษ์
►ส่วนจัดเก็บหนังสือเก่า สปร
บนชั้น
  ขอยืม
10. วิทยาศาสตร์การแพทย์ และสุขภาพ
วิทยาศาสตร์การแพทย์ และสุขภาพ
สถานะ=หนังสือเก่า
WY101 ส825ก ฉ.9 
  Barcode: 002018
ห้องสมุดวิทยาเขตสวรรค์ประชารักษ์
►ส่วนจัดเก็บหนังสือเก่า สปร
บนชั้น
  ขอยืม

รายการใกล้เคียง
    ชื่อเรื่อง [การพยาบาลพื้นฐาน]

    ผู้แต่ง [สุปาณี เสนาดิสัย และวรรณภา ประไพพานิช]

    หัวเรื่อง [การพยาบาล]

BibComment


ยังไม่เคยถูกคอมเมนท์

คอมเมนท์ทรัพยากรรายการนี้
  คอมเมนท์: การพยาบาลพื้นฐาน


 Copyright 2026. Bcnsprnw @Library